LEADER 02410nam0 2200517 i 450 001 VAN0126981 005 20230626031236.156 017 70$2N$a9783030313395 100 $a20200219d2019 |0itac50 ba 101 $aeng 102 $aCH 105 $a|||| ||||| 200 1 $aMathematical Analysis and Applications$fThemistocles M. Rassias, Panos M. Pardalos editors 210 $aCham$cSpringer$d2019 215 $aix, 694 p.$d24 cm 410 1$1001VAN0067197$12001 $aSpringer optimization and its applications$1210 $aBerlin [etc.]$cSpringer$d2006-$v154 500 1$3VAN0236882$aMathematical Analysis and Applications$92819534 606 $a35-XX$xPartial differential equations [MSC 2020]$3VANC019763$2MF 606 $a26-XX$xReal functions [MSC 2020]$3VANC019778$2MF 606 $a28-XX$xMeasure and integration [MSC 2020]$3VANC019878$2MF 606 $a30-XX$xFunctions of a complex variable [MSC 2020]$3VANC020785$2MF 606 $a32-XX$xSeveral complex variables and analytic spaces [MSC 2020]$3VANC024999$2MF 606 $a91-XX$xGame theory, economics, finance, and other social and behavioral sciences [MSC 2020]$3VANC025601$2MF 610 $aComplementarity theory$9KW:K 610 $aEngineering$9KW:K 610 $aFunctional Analysis$9KW:K 610 $aGeometric measure theory$9KW:K 610 $aMathematical analysis$9KW:K 610 $aOpen Problems$9KW:K 610 $aOperations Research$9KW:K 610 $aSpecial functions$9KW:K 610 $aStability theory of functional equations$9KW:K 610 $aVariational principles$9KW:K 620 $aCH$dCham$3VANL001889 702 1$aPardalos$bPanos M.$3VANV038535 702 1$aRassias$bThemistocles M.$f1951- $3VANV041928 712 $aSpringer $3VANV108073$4650 790 1$aPardalos, P. M.$zPardalos, Panos M.$3VANV063873 801 $aIT$bSOL$c20240614$gRICA 856 4 $uhttp://doi.org/10.1007/978-3-030-31339-5$zE-book ? Accesso al full-text attraverso riconoscimento IP di Ateneo, proxy e/o Shibboleth 899 $aBIBLIOTECA DEL DIPARTIMENTO DI MATEMATICA E FISICA$1IT-CE0120$2VAN08 912 $fN 912 $aVAN0126981 950 $aBIBLIOTECA DEL DIPARTIMENTO DI MATEMATICA E FISICA$d08CONS e-book 1642 $e08eMF1642 20200219 996 $aMathematical Analysis and Applications$92819534 997 $aUNICAMPANIA LEADER 01870nam0 22004333i 450 001 VAN0219142 005 20230607083809.416 017 70$2N$a9783030294304 100 $a20210929d2019 |0itac50 ba 101 $aeng 102 $aCH 105 $a|||| ||||| 200 1 $aStructure Data of Free Polyatomic Molecules$fNatalja Vogt, Jürgen Vogt 210 $aCham$cSpringer$d2019 215 $axi, 926 p.$cill.$d24 cm 500 1$3VAN0219143$aStructure Data of Free Polyatomic Molecules$91873065 606 $a81V45$xAtomic physics [MSC 2020]$3VANC023266$2MF 606 $a81V55$xMolecular physics [MSC 2020]$3VANC023279$2MF 606 $a92Exx$xChemistry [MSC 2020]$3VANC025596$2MF 610 $aGas-Phase Electron Diffraction$9KW:K 610 $aHigh-Resolution Infrared Spectroscopy$9KW:K 610 $aHigh-Resolution UV Spectroscopy$9KW:K 610 $aMicrowave Spectroscopy$9KW:K 610 $aMolecular Structure$9KW:K 610 $aMolecular Structure Determination$9KW:K 610 $aStructure Data of Inorganic Molecules$9KW:K 610 $aTime-Resolved Electron Diffraction$9KW:K 620 $aCH$dCham$3VANL001889 700 1$aVogt$bNatalja$3VANV186309$0838577 701 1$aVogt$bJürgen$3VANV186310$0838578 712 $aSpringer $3VANV108073$4650 801 $aIT$bSOL$c20240614$gRICA 856 4 $uhttp://doi.org/10.1007/978-3-030-29430-4$zE-book ? Accesso al full-text attraverso riconoscimento IP di Ateneo, proxy e/o Shibboleth 899 $aBIBLIOTECA DEL DIPARTIMENTO DI MATEMATICA E FISICA$1IT-CE0120$2VAN08 912 $fN 912 $aVAN0219142 950 $aBIBLIOTECA DEL DIPARTIMENTO DI MATEMATICA E FISICA$d08CONS e-book 4033 $e08eMF4033 20210929 996 $aStructure Data of Free Polyatomic Molecules$91873065 997 $aUNICAMPANIA